NHL teams that have won the cup - Statistics

General Stats
  • This quiz has been taken 1,359 times
  • The average score is 15 of 18
Answer Stats
Hint Answer % Correct
canadiens
94%
bruins
92%
blackhawks
91%
rangers
91%
oilers
89%
kings
88%
leafs
88%
penguins
88%
red wings
87%
islanders
86%
lightning
83%
stars
81%
avalanche
80%
devils
80%
flames
80%
flyers
78%
hurricanes
77%
mighty ducks
54%
No matching quizzes found
Score Distribution
Percent of People with Each Score
Percentile by Number Answered
Your Score History
You have not taken this quiz